Nàng công chúa tham lam

সংরক্ষণ করুন:
গ্রন্থ-পঞ্জীর বিবরন
প্রধান লেখক: Quốc Tâm
বিন্যাস: গ্রন্থ
ভাষা:Undetermined
প্রকাশিত: Hà Nội Giáo dục Việt Nam 2011
বিষয়গুলি:
ট্যাগগুলো: ট্যাগ যুক্ত করুন
কোনো ট্যাগ নেই, প্রথমজন হিসাবে ট্যাগ করুন!
Thư viện lưu trữ: Trung tâm Học liệu Trường Đại học Cần Thơ
LEADER 00568nam a2200193Ia 4500
001 CTU_183975
008 210402s9999 xx 000 0 und d
020 |c 6000 
082 |a 398.204957 
082 |b Qu451 
100 |a Quốc Tâm 
245 0 |a Nàng công chúa tham lam 
245 0 |c Quốc Tâm, Minh Hồng (Lời và tranh) 
260 |a Hà Nội 
260 |b Giáo dục Việt Nam 
260 |c 2011 
650 |a Folk literature,Văn học dân gian 
904 |i Hải 
980 |a Trung tâm Học liệu Trường Đại học Cần Thơ